| 000 | 004510000a22001810004500 | ||
|---|---|---|---|
| 003 | MACL | ||
| 005 | 20150816161526.0 | ||
| 008 | 150816b xxu||||| |||| 00| 0 eng d | ||
| 040 |
_aMACL _cMACL |
||
| 041 | _aEnglish | ||
| 082 | _a530/JHA | ||
| 100 |
_aJha,Saurav _95960 |
||
| 245 | _aThe Upside Down Book of Nuclear Power | ||
| 260 |
_aNew Delhi _bHarperCollins Pub. _c2010 |
||
| 350 | _a250 | ||
| 650 |
_aPhysics _95961 |
||
| 942 |
_cBK _k530/JHA _2ddc |
||
| 999 |
_c47742 _d47742 |
||